00685nam a2200217Ia 4500003000400000005001700004008004100021040001800062041000800080082002100088245011800109250001200227260003700239300002900276440002200305650005100327650002800378650001800406700002000424700002300444OSt20260327101725.0210716s1967 xx 000 0 und d cAIMIT LIBRARY aeng a374.22 21bGROG aInterpretations of American history :cEdited By Gerald N Grob and George A Billias.bpatterns and perspectives / a1st ed. aU S A :bThe Free Press ,c1967. axii,532p. ;bPBc21.3 cm vVolume-1aTo 1877 aBritish mercantilism and the American colonies aThe American revolution aThe civil war aGrob, Gerald N. aBillias, George A.